000
00296nam a22001217a 4500
008
230621b xxu||||| |||| 00| 0 eng d
082
_a
328.06
_b
IPU
100
_c
IPU
245
_a
111th IPU Assembly
_b
Summary Records of the Proceedings
260
_b
IPU
_c
2004
300
_a
190p
942
_2
ddc
_c
BK
999
_c
2061
_d
2061